00769cam a2200217 a 450000100100000000500170001000800410002703500190006804000230008708200180011010000240012824500740015226000390022630000210026550400420028665000470032891000340037504900090040995201160041899900170053400001455920250311111645.0770225s1974 ve b 000 0 spa  a(DLC) 77452025 aDO-SdBNPcDLCdDLC a303.32bC221i1 aCanestri, F.93004510aInstrumentos para el aprendizaje en ciencias sociales /cF. Canestri. aCaracas :bAgencia Musical,c1974. a238 p. ;c25 cm. aIncluye referencias bibliográficas. 0aCiencias sociales --xMetodología 97482 aCatalogación por copia / LC aBNGR 001050718MOaGRbGRcCTd2010-01-14iLF1l0o303.32 C221ip14559-10r2020-06-25w2020-06-25y1ZNo se presta c14146d14146